Ondas de montaña sobre España central (Record no. 90224)

MARC details
000 -LEADER
campo de control de longitud fija 00828nam a2200181 i 4500
001 - NÚMERO DE CONTROL
campo de control 90224
003 - IDENTIFICADOR DE NÚMERO DE CONTROL
campo de control ES-MaACL
005 - FECHA Y HORA DE LA ÚLTIMA TRANSACCIÓN
campo de control 20230906180402.0
008 - DATOS DE LONGITUD FIJA--INFORMACIÓN GENERAL
campo de control de longitud fija 050119s1959 sp a |||| | spa d
100 1# - ENTRADA PRINCIPAL--NOMBRE DE PERSONA
Nombre de persona Ledesma, Manuel.
9 (RLIN) 71146
245 10 - MENCIÓN DEL TÍTULO
Título Ondas de montaña sobre España central
Resto del título : condiciones sinópticas que producen ondas de sotavento causadas por vientos del sur sobre el sistema montañoso central de España /
Mención de responsabilidad, etc. por Manuel Ledesma.
260 ## - PUBLICACIÓN, DISTRIBUCIÓN, ETC.
Lugar de publicación, distribución, etc. Madrid :
Nombre del editor, distribuidor, etc. Sección de Predicción,
Fecha de publicación, distribución, etc. 1959 (
Fabricante Gráf. Virgen de Loreto)
300 ## - DESCRIPCIÓN FÍSICA
Extensión 24 p. :
Otras características físicas il. ;
Dimensiones 24 cm.
594 ## - Nota al título y mención de responsabilidad
Nota al título y mención de responsabilidad Precede al tít.: Ministerio del Aire. Dirección General de Protección de Vuelo. Servicio Meteorológico Nacional.
650 #4 - PUNTO DE ACCESO ADICIONAL DE MATERIA--TÉRMINO DE MATERIA
Término de materia o nombre geográfico como elemento de entrada Viento.
9 (RLIN) 144224
710 1# - ENTRADA AGREGADA--NOMBRE DE ENTIDAD CORPORATIVA
Nombre de entidad corporativa o nombre de jurisdicción como elemento de entrada España.
Unidad subordinada Servicio Meteorológico Nacional.
9 (RLIN) 3981
852 ## - LOCALIZACIÓN
Ubicación ES-MaACL
Número de control de estantería 2017-F-28
Holdings
Estatus retirado Estado de pérdida Estado de daño No para préstamo Colección Biblioteca de origen Biblioteca actual Ubicación en estantería Fecha de adquisición Fuente de adquisición Total de préstamos Signatura topográfica completa Código de barras Visto por última vez Precio de reemplazo Tipo de ítem Koha
        Colección de folletos Biblioteca del Ateneo de Madrid Biblioteca del Ateneo de Madrid Depósito folletos 17/01/2008     2017-F-28 1094217 23/02/2023 23/02/2023 Folleto